Magnetofónové hlavice

Salvato in:
Dettagli Bibliografici
Autore principale: Koprowski, Edmund (Autore)
Natura: Libro
Lingua:slovacco
Pubblicazione: Bratislava : SVTL, 1966
Edizione:1. vyd.
Tags: Aggiungi Tag
Nessun Tag, puoi essere il primo ad aggiungerne!!

MARC

LEADER 00000nam a22000003a 4500
001 stu53749
005 20240722135448.7
008 000529s1966----cs------------------slo-d
040 |a STU  |b slo 
041 0 |a slo 
044 |a cs 
080 |a 621.397  |7 stu_us_auth*stu10283 
100 1 |a Koprowski, Edmund  |4 aut 
245 1 |a Magnetofónové hlavice 
250 |a 1. vyd. 
260 |a Bratislava :  |b SVTL,  |c 1966 
300 |a 319 s 
996 |b 284EK05546  |c E*13450  |l EE01  |s A  |a 24  |w stu53749_0001